La afectividad y la sexualidad en la vida religiosa: propuesta para la formación inicial
Saved in:
| Hovedforfatter: | |
|---|---|
| Format: | Bog |
| Sprog: | spansk |
| Udgivet: |
Bogotá
Indo American Press Service Limitada
2011
|
| Serier: | Colección Experiencias, 170
|
| Fag: | |
| Tags: |
Tilføj Tag
Ingen Tags, Vær først til at tagge denne postø!
|
MARC
| LEADER | 00000cam a2200000 a 4500 | ||
|---|---|---|---|
| 001 | UCG9160 | ||
| 003 | CL-VaPUC | ||
| 005 | 20240102134045.0 | ||
| 008 | 120127e20110300CK |||||||||||||||||spa|d | ||
| 999 | |c 346727 |d 346725 | ||
| 020 | |a 978958808536 | ||
| 040 | |c Pontificia Universidad Católica de Valparaíso | ||
| 082 | 0 | 4 | |a 176 |b MEZ |2 21 |
| 100 | |a Meza Rueda, José Luis |e autor |9 865608 | ||
| 245 | 1 | 3 | |a La afectividad y la sexualidad en la vida religiosa: propuesta para la formación inicial |
| 260 | |a Bogotá |b Indo American Press Service Limitada |c 2011 | ||
| 300 | |a 188 p | ||
| 490 | 0 | |a Colección Experiencias, 170 | |
| 583 | |a last modification |c 20120127 09:50:00 |k Rodrigo Vera | ||
| 650 | 7 | |a ETICA SEXUAL |2 CL-VaPUC |9 560603 | |
| 650 | 7 | |a SEXUALIDAD HUMANA |2 CL-VaPUC |9 395306 | |
| 650 | 0 | |a Educación sexual |9 308005 | |
| 650 | 0 | |a Formación moral |9 351605 | |
| 942 | |c BK |2 ddc | ||
| 945 | |d 20120127 00:00:00 |a dcastane | ||
| 952 | |0 0 |1 0 |4 0 |6 176_000000000000000_MEZ_2011 |7 0 |8 A |9 447541 |a BIBTEO |b BIBTEO |d 2019-11-22 |i 4833457 |o 176 MEZ 2011 |p 4833457 |r 2025-01-17 |w 2019-11-22 |y BK |k ICR | ||